Danielle Steel Novels Quiz Stats

 Plays Quiz Retired Jun 22, 2021

     
Support Sporcle.
Go Orange.
Score 0/129 Timer 10:00
0 Plays Today
Year Novel % Correct
2019Spy
67.4%
2020Moral Compass
64.3%
2020The Wedding Dress
63.2%
2020The Numbers Game
59.8%
1989Daddy
59.1%
2018The Cast
58.7%
2019Turning Point
56.9%
1980The Ring
56.5%
2017The Duchess
56.1%
1988Zoya
54.4%
1989Star
52.4%
2016The Award
52.2%
2020Daddy's Girls
51.9%
2017Fairytale
51.8%
2017The Mistress
51.3%
1992Jewels
50.8%
1978The Promise
50.7%
1981Palomino
50.4%
2006The House
50.1%
2007Sisters
49.9%
2017The Right Time
49.7%
2015 Country
49.3%
2013Winners
49.1%
1990Message From Nam
48.9%
2016Blue
48.8%
2016The Apartment
48.7%
2016Magic
48.4%
1994Accident
48.3%
2014A Perfect Life
47.8%
2014Pegasus
47.6%
2018The Good Fight
47.5%
2019Silent Night
47.2%
1973Going Home
45.6%
1983Thurston House
45.4%
2016Rushing Waters
45.1%
1987Kaleidoscope
45%
1996Malice
45%
2012Friends Forever
44.8%
2014Power Play
44.7%
2000The Wedding
44.3%
2015Precious Gifts
44.3%
1991No Greater Love
44%
2018In His Father's Footsteps
43.9%
Year Novel % Correct
1987Fine Things
43.8%
1977Passion's Promise
43.6%
2019Child's Play
43.3%
2020Royals
43%
1985Secrets
42.8%
1992Mixed Blessings
42.7%
2019Blessing in Disguise
42.4%
2019The Dark Side
42.4%
1984Full Circle
42.3%
1994The Gift
42.2%
2002The Cottage
42.2%
1978Now and Forever
42.2%
1985Family Album
42.2%
2018Accidental Heroes
42.1%
2007Bungalow 2
42.1%
1993Vanished
41.8%
1986Wanderlust
41.8%
2006H.R.H.
41.8%
1997The Ghost
41.4%
1998His Bright Light
41.4%
1991Heartbeat
41%
2017Past Perfect
41%
1981Loving
40.8%
1983Changes
40.7%
1999Granny Dan
40.7%
2001The Kiss
40.6%
2019Lost and Found
40.6%
1995Five Days In Paris
40.4%
2015 Prodigal Son
39.7%
1980Season Of Passion
39.5%
1980Summer's End
39.5%
1981Remembrance
39.3%
2000The House On Hope Street
39.2%
2016 Property of a Noble Woman
39.2%
1996Silent Honor
38.9%
2005Toxic Bachelors
38.9%
1982Crossings
38.9%
1994Wings
38.7%
2013Until the End of Time
38.7%
2003Johnny Angel
38.2%
2012The Sins of the Mother
37.9%
1998Mirror Image
37.8%
1998The Long Road Home
37.6%
Year Novel % Correct
2018Fall from Grace
37.5%
1998The Klone and I
37.4%
2007Amazing Grace
37.4%
2008A Good Woman
37.4%
2000Journey
37.2%
1981To Love Again
37%
2012Betrayal
37%
1997The Ranch
37%
1982Once In A Lifetime
36.8%
2008Rogue
36.6%
1983A Perfect Stranger
35.9%
1995Lightning
35.7%
2018Beauchamp Hall
35.7%
2002Sunset in St. Tropez
35.5%
2006Coming Out
35.4%
2007Honor Thyself
35.4%
2001Lone Eagle
34.3%
2017Against All Odds
34.1%
1999Bittersweet
34%
2003Dating Game
33.7%
2004Echoes
33.5%
1997Special Delivery
32.5%
1999Irresistible Forces
32.3%
2005Impossible
31.8%
2003Safe Harbour
31.6%
2004Ransom
31.5%
2005Miracle
30.9%
2001Leap Of Faith
30.4%
2002Answered Prayers
30.3%
2015Undercover
28.9%
2004Second Chance
26.8%
2012A Gift of Hope
26.5%
2013First Sight
26.2%
2017Dangerous Games
25.9%
2011Happy Birthday
21.3%
201144 Charles Street
20%
2010Big Girl
19.6%
2009Southern Lights
18.6%
2010Legacy
17%
2010Family Ties
16.5%
2011Hotel Vendome
15.7%
2009One Day at a Time
15.3%
2009Matters Of The Heart
14.3%

From the Vault

Movie Word Quadrants II

by ghcgh

Movies 3m
With so many movies to watch, we have to watch them 4 at a time like this.
Remove Ads.
Support Sporcle.
Get the best of Sporcle when you Go Orange. This ad-free experience offers more features, more stats, and more fun while also helping to support Sporcle. Thank you for becoming a member.

Show Comments

Extras

Top Quizzes Today


Score Distribution

Your Account Isn't Verified!

In order to create a playlist on Sporcle, you need to verify the email address you used during registration. Go to your Sporcle Settings to finish the process.

Report this User

Report this user for behavior that violates our Community Guidelines.

Details: